Statistiche per Riconosci il Trasferimento - Quiz n°2

Clicka qui per fare il quiz!

Statistiche generali

  • Questo quiz è stato fatto 1.312 volte
  • Il punteggio medio è 13 su 20

Statistiche sulle risposte

RuoloNazioneTrasferimentiGiocatore% Corretto
CentrocampistaCamerunOlympique Marsiglia 2015 - Fulham 2018 - Villarreal 2019 - Fulham 2020 - Napoli 2021André Zambo Anguissa
94%
CentrocampistaPoloniaUdinese 2012 - Empoli 2014 - Napoli 2016Piotr Zieliński
93%
DifensoreFranciaLens 2010 - Real Madrid 2011 - Manchester United 2021Raphaël Varane
81%
CentrocampistaPortogalloBenfica B 2013 - Benfica 2013 - Monaco 2014 - Manchester City 2017Bernardo Silva
78%
AttaccanteBelgioLilla 2007 - Chelsea 2012 - Real Madrid 2019Eden Hazard
76%
AttaccanteBrasileSantos 2009 - Barcellona 2013 - Paris Saint-Germain 2017Neymar
75%
AttaccanteArgentinaRiver Plate 2018 - Manchester City 2022Julián Álvarez
73%
AttaccanteItaliaAlbinoleffe 2011 - Palermo 2013 - Torino 2015 - Roma 2022Andrea Belotti
72%
CentrocampistaInghilterraBirmingham City 2019 - Borussia Dortmund 2020Jude Bellingham
70%
DifensoreGermaniaHoffenheim 2012 - Bayern Monaco 2017 - Borussia Dortmund 2022Niklas Süle
67%
CentrocampistaSpagnaVillareal B 2014 - Villareal 2015 - Atletico Madrid 2018 - Manchester City 2019Rodri
67%
DifensoreArgentinaVelez Sarsfield 2007 - Porto 2010 - Atletico Mineiro 2014 - Valencia 2014 - Manchester City 2015 - Benfica 2020Nicolás Otamendi
60%
DifensoreCroaziaDinamo Zagabria 2019 - Red Bull Lipsia 2021Joško Gvardiol
58%
AttaccanteBrasileSan Paolo 2018 - Ajax 2020 - Manchester United 2022Antony
57%
AttaccanteOlandaEmmen 2012 - Heracles Almelo 2014 - AZ Alkmaar 2016 - Wolfsburg 2018 - Burnley 2022 - Beşiktaş 2022 - Manchester United 2023Wout Weghorst
54%
DifensoreFranciaLilla 2015 - Stoccarda 2016 - Bayern Monaco 2019Benjamin Pavard
45%
PortiereCileColo-Colo 2003 - Real Sociedad 2006 - Barcellona 2014 - Manchester City 2016 - Betis Siviglia 2020Claudio Bravo
45%
AttaccanteCamerun/SvizzeraBasilea 2013 - Schalke 04 2016 - Borussia Mönchengladbach 2019 - Monaco 2022Breel Embolo
42%
AttaccanteGermaniaBayern Monaco II 2008 - Bayern Monaco 2008Thomas Müller
34%
DifensoreFrancia/SenegalMonaco 2014 - Zulte Waregem 2015 - Monaco 2016 - Magonza 2017 - Borussia Dortmund 2018 - Paris Saint-Germain 2019 - Red Bull Lipsia 2022Abdou Diallo
20%

Distribuzione punteggi

Percentile per numero di risposta

Percentuale di utenti per punteggio

I tuoi punteggi nel tempo

Non hai fatto questo quiz